Регионална библиотека "Любен Каравелов" - Русе

Международен маркетинг (Запис номер 56057)

MARC детайли
000 -Лидер
Контролно поле с фиксирана дължина 01910nam a2200385 a 4500
003 - Код на организацията, давaща контролен номер
Контролно поле BLK
005 - Дата и час на последна редакция
Контролно поле 20230606145445.0
008 - Елементи от данни с фиксирана дължина
fixed length control field 180408b bul|||||r ||||||| ||bul||
010 ## - Наследен системен номер
LC control number KNG00060034000
040 ## - Източник на каталожния запис
Идентификатор на билиотеката - собственик на записа BLK
041 ## - Код за език
Код за езика на текст/звукозапис или на отделно заглавие Български
Код за езика КДБФ Български
080 ## - УДК
Текстов определител УДК Външна търговия. Международна търговия. Външно-търговска политика. Мита. Вж и 336. 4
УДК код - определител по УДК 339.5
УДК определител (075.8)
УДК - код + определител 339.5(075.8)
080 ## - УДК
Текстов определител УДК Пазар. Анализ на пазара. Търсене. Предлагане. Конкуренция. Маркетингова логистика
УДК код - определител по УДК 339.13
УДК определител (075.8)
УДК - код + определител 339.13(075.8)
100 1# - Редна дума - Автор
Автор Дамянов, Атанас
Авторска отговорност първи автор
R(LIN) 364644
139 ## - Редно поле
Редна дума Дамянов, Атанас и др.
Авторски знак Дам - Д 15
245 10 - Сведения за заглавието
Заглавие Международен маркетинг
Подзаглавни данни Текст, анализи, случаи : За студентите от Стоп. акад. Д. А. Ценов - Свищов
Редно поле (дума) Атанас Дамянов; съавт. Иван Марчевски.
257 ## - Страна на издаване
Страна на създаване/издаване България
260 ## - Област на издателските данни
Място на издаване, разпространение и проч. Свищов
Име на издателя, разпространителя и проч. Акад. изд. Д. А. Ценов
Година на издаване 1993
300 ## - Физическа характеристика
Страници 210 с.
Илюстрации и др. със сх., табл.
Размери/Мащаб 24 см
380 ## - Жанр
Жанр Обществени науки
500 ## - Общи забележки
Забележка Пълното име на първия авт. е Атанас Дамянов Петров. - Библиогр. след някои гл.
650 #4 - Допълнително описание по предмет – тема
Основно описание – тема или топоним Маркетинг - международна търговия
9 (RLIN) 265703
650 #4 - Допълнително описание по предмет – тема
Основно описание – тема или топоним Пазари, международни - прогнозиране
9 (RLIN) 256558
653 ## - Ключова дума – ненормативна
Ключова дума маркетинг
653 ## - Ключова дума – ненормативна
Ключова дума пазари
653 ## - Ключова дума – ненормативна
Ключова дума външна търговия
700 1# - Други автори (авторска отговорност)
Лично име Марчевски, Иван
Автороска отговорност (Описва отношението между автора и произведението) съавт.
9 (RLIN) 367340
852 ## - Местоположение
Форматна сигнатура Цб 176233
Фондова буква Хранилище
856 4# - Електронен адрес и достъп
Електронен формат pdf - файл
856 4# - Електронен адрес и достъп
Електронен формат pdf - файл
942 ## - АРТИКУЛИ
Вид на библиотечния материал Книги
Скрит в OPAC Не
944 ## - СЪЗДАВАНЕ И РЕДАКЦИЯ на ЗАПИСА
Създаване/Редакция Създаване
Дата на регистрацията/редакция 13.06.2004
Служител, извършил регистрацията/редакцията Цветанка_Енчева
944 ## - СЪЗДАВАНЕ И РЕДАКЦИЯ на ЗАПИСА
Създаване/Редакция Редакция
Дата на регистрацията/редакция 27.09.2006
999 ## - СИСТЕМНИ КОНТРОЛНИ НОМЕРА
Koha biblionumber 56057
Koha biblioitemnumber 56057
999 ## - СИСТЕМНИ КОНТРОЛНИ НОМЕРА
Koha biblioitemnumber 56057
Наличности
Код за отписване Код за изгубен артикул Източник на класификационната схема Код за повреда Коз за рестрикции Код за отдаване Артикулен № Име на библиотеката - собственик Име на библиотеката, в която се намира в момента Статус (Текущо местоположение) Дата на вписване в системата Местоположение - отдел Цена в лева Инвентарен номер Систематично азбучна сигнатура Баркод Номер на екземпляра Цена в евро Служебна бележка Служебен тип на артикула
Изтеглен Не е изгубен Universal Decimal Classification Не е повреден без рестрикции заемане за дома 88169 Регионална библиотека "Любен Каравелов" Русе Регионална библиотека "Любен Каравелов" Русе Заемна - подръчен фонд 1993-01-01 Заемна - подръчен фонд 4.20 600527 П 339.5/Д 15 600527 1 2.15 Дата инв: 05.02.2018 Бележки инв: П2018 Книги
  Не е изгубен Universal Decimal Classification Не е повреден без рестрикции ползва се в читалня 88170 Регионална библиотека "Любен Каравелов" Русе Регионална библиотека "Любен Каравелов" Русе Хранилище 2001-01-01 Хранилище 1.40 584043 Цб 176233 120000584043 2 0.72 Дост: Dp Вид: Д N: стар фонд Дата: 01.01.2001 Книги
Изтеглен Не е изгубен Universal Decimal Classification Не е повреден без рестрикции заемане за дома 88171 Регионална библиотека "Любен Каравелов" Русе Регионална библиотека "Любен Каравелов" Русе Заемна - подръчен фонд 2001-01-01 Заемна - подръчен фонд 4.20 600528 П 339.5/Д 15 600528 3 2.15 Дост: Pk Вид: Ф N: стар фонд Дата: 01.01.2001 Дата инв: 05.02.2018 Бележки инв: П2018 Книги
Vip Innovations Ltd, Rousse, Bulgaria 2025